Nintendo character's first appearance - Statistics

General Stats
  • This quiz has been taken 52 times
  • The average score is 15 of 19
Answer Stats
Character Answer (Game) % Correct
Mario Donkey Kong
98%
Donkey Kong Donkey Kong
98%
Luigi Super Mario Bros
98%
Peach Super Mario Bros
98%
Bowser Super Mario Bros
98%
Toad Super Mario Bros
98%
Yoshi Super Mario World
87%
Rosalina Super Mario Galaxy
82%
Diddy Kong Donkey Kong Country
78%
E Gadd Luigi's Mansion
78%
Bowser Jr Super Mario Sunshine
73%
Toadsworth Super Mario Sunshine
73%
Waluigi Mario Tennis
64%
Boo Super Mario Bros 3
64%
Nabbit New Super Mario Bros U
62%
Daisy Super Mario Land
60%
Pauline Super Mario Odyssey
53%
Wario Mario Land 2
51%
Toadette Mario Kart Double Dash
42%
No matching quizzes found
Score Distribution
Percent of People with Each Score
Percentile by Number Answered
Your Score History
You have not taken this quiz